000 00806nem a2200229 i 4500
005 20160517120042.0
008 160517b1993 C ||||| |a|| 00| 0 spa d
040 _aCO-BoIAVH
_cCO-BoIAVH
041 _aeng
044 _ack
090 _aMC-
_b0247
110 1 _aUnited States
_bDefense Mapping Agency.
_968579
245 1 _aNariño :
_bColombia
_cprepared and published by the Defense Mapping
_h[Material Cartografico]/
255 _a1:100,000
260 _aUnited States :
_bDefense Mapping Agency,
_c1993
300 _a1 mapa :
_bcolor :
_c 60 x 76 cm
650 1 6 _aÁreas urbanas
_zNariño Colombia
_968580
650 1 6 _aÁreas forestales
_zNariño Colombia
_968581
650 1 6 _aMontañas
_zNariño Colombia
_968582
650 1 6 _a Recursos de la tierra
_zNariño Colombia
_968583
942 _2z
_cMapa
999 _c18606
_d18606